000 00551nam a22001937a 4500
003 KOHA_MİRAKIL
005 20251116160040.0
008 251116b tu ||||| |||| 00| 0 tur d
020 _a9786257587228
040 _aTR-AnABB
_btur
_cTR-AnABB
041 _atur
082 _a818.9927303
_bAYT 2021
100 1 _aAytmatov, Cengiz,
245 1 0 _aCengiz Han'a küsen bulut /
_cCengiz Aytmatov
260 _aİstanbul :
_bKetebe Yayınları,
_c2021
300 _a136 sayfa ;
_c21 cm
650 0 4 _aKırgız edebiyatı, roman
942 _2ddc
_cBK
999 _c9448
_d9448
900 _bGizem YORULMAZ